Дело по отношению Варшавского генерал-губернатора об увольнении за границу варшавского жителя Закржевского

Доступно только в Электронных читальных залах Найти на картеНа карте
RUSMARC
00004207nmc2a22000003x 450
0011b283998-a2b6-4885-b8ab-3a813930c50a
00520210518123800.0
100##$a20190711l18781878k l0rusy0189 ca
1010#$arus
102##$aRU
2001#$aДело по отношению Варшавского генерал-губернатора об увольнении за границу варшавского жителя Закржевского
$j20 ноября - 2 декабря 1878 г.
251##$cДело
300##$aПо части секретаря
300##$aОриг. заголовок дела: Дело по отношению Варшавского генерал-губернатора об увольнении за границу сына варшавского жителя Закржевского. 20 ноября 1878 г. - 2 декабря 1878 г
801#0$aRU
$bРГИА
$c20190711
$gRCR
801#1$aRU
$bГлавНИВЦ
$c20190711
$2rusmarc
801#2$aRU
$bПБ им. Б.Н. Ельцина
$c20210518
$gRCR
$2rusmarc
850##$aРГИА
852##$aРГИА
$eФедеральное казенное учреждение "Российский государственный исторический архив" (РГИА)
$j761
937##$hРГИА
$d12320034
$aASBIBLIO_SCAN
462#0$100144b6a2f6-4ae7-48de-903e-d3f20f247728
$12001
$aДела Департамента полиции исполнительной МВД за 1878 год
$1251
$cОпись
$1852
$j39
$l1878 г.
461#0$10013e300ed0-cd39-49af-8489-5ba5b90fa401
$12001
$aДепартамент полиции исполнительной МВД
$1251
$cФонд
$1852
$j1286
215##$a7 л.
$d36,5х26 см
371##$aДокумент не является опубликованным и широко распространяемым
5171#$aДело по отношению Варшавского генерал-губернатора об увольнении за границу сына варшавского жителя Закржевского. 20 ноября 1878 г. - 2 декабря 1878 г
105##$ay###
1222#$ad
035##$a1b283998-a2b6-4885-b8ab-3a813930c50a
856##$uhttp://readingroom.main.prlib.ru/item.aspx?id_node=n164847298&mode=full
Формат отображения